书目信息 |
| 题名: |
哈佛逻辑课
|
|
| 作者: | 穆臣刚 著 | |
| 分册: | ||
| 出版信息: | 北京 中国法制出版社 2014 |
|
| 页数: | 248页 | |
| 开本: | 24cm | |
| 丛书名: | ||
| 单 册: | ||
| 中图分类: | B81-49 | |
| 科图分类: | ||
| 主题词: | 逻辑--luo ji--通俗读物 | |
| 电子资源: | ||
| ISBN: | 978-7-5093-5555-8 | |
| 000 | 00736nam0 2200229 450 | |
| 001 | 340156 | |
| 005 | 20150625102216.31 | |
| 010 | @a978-7-5093-5555-8@dCNY36.00 | |
| 100 | @a20140909d2014 em y0chiy50 ea | |
| 101 | 0 | @achi |
| 102 | @aCN@b110000 | |
| 105 | @ay z 000yy | |
| 106 | @ar | |
| 200 | 1 | @a哈佛逻辑课@Aha fo luo ji ke@f穆臣刚著 |
| 210 | @a北京@c中国法制出版社@d2014 | |
| 215 | @a248页@d24cm | |
| 330 | @a本书分为理论篇和应用篇两篇, 内容涉及逻辑学、明确概念、逻辑推理、逻辑论证、逻辑规律、做人逻辑、思想逻辑、幸福逻辑、处世逻辑、投资逻辑、博弈逻辑等方面。 | |
| 606 | 0 | @a逻辑@Aluo ji@j通俗读物 |
| 690 | @aB81-49@v5 | |
| 701 | 0 | @a穆臣刚@Amu chen gang@4著 |
| 801 | 0 | @aCN@b卓展宏图@c20150525 |
| 905 | @dB81-49@e243@f4 | |
| 哈佛逻辑课/穆臣刚著.-北京:中国法制出版社,2014 |
| 248页;24cm |
| ISBN 978-7-5093-5555-8:CNY36.00 |
| 本书分为理论篇和应用篇两篇, 内容涉及逻辑学、明确概念、逻辑推理、逻辑论证、逻辑规律、做人逻辑、思想逻辑、幸福逻辑、处世逻辑、投资逻辑、博弈逻辑等方面。 |
| ● |
| 相关链接 |
|
|
|
|
正题名:哈佛逻辑课
索取号:B81-49/243
 
预约/预借
| 序号 | 登录号 | 条形码 | 馆藏地/架位号 | 状态 | 备注 |
| 1 | 864547 | 208645475 | 第一样本阅览室/ [索取号:B81-49/243] | 在馆 | |
| 2 | 864548 | 208645484 | 第一借阅区/ [索取号:B81-49/243] | 在馆 | |
| 3 | 864549 | 208645493 | 第一借阅区/ [索取号:B81-49/243] | 在馆 | |
| 4 | 864550 | 208645509 | 第一借阅区/ [索取号:B81-49/243] | 在馆 |